Derivatives And Risk Management (Record no. 41314)

MARC details
000 -LEADER
fixed length control field 00343nam a2200121Ia 4500
008 - FIXED-LENGTH DATA ELEMENTS--GENERAL INFORMATION
fixed length control field 240719s9999 xx 000 0 und d
041 ## - LANGUAGE CODE
Language code of text/sound track or separate title eng
082 ## - DEWEY DECIMAL CLASSIFICATION NUMBER
Classification number 332.6457 VAR
100 ## - MAIN ENTRY--PERSONAL NAME
Personal name Varma, Rama Jayanth
245 ## - TITLE STATEMENT
Title Derivatives And Risk Management
260 ## - PUBLICATION, DISTRIBUTION, ETC.
Place of publication, distribution, etc. New Delhi
Name of publisher, distributor, etc. Tata Mcgrawhill
Date of publication, distribution, etc. 2008
520 ## - SUMMARY, ETC.
Summary, etc. Gifted By : IMT Faculty Dr.Pawan sir
Holdings
Withdrawn status Lost status Damaged status Not for loan Home library Current library Shelving location Date acquired Full call number Barcode Date last seen Price effective from Koha item type Public note
        IMTN IMTN Rack 12-B 06/14/2023 332.6457 VAR 33009 07/19/2024 07/19/2024 Books Gifted
Designed & Maintained by: LRC IMT Nagpur Contact: lrc@imtnag.ac.in© 2024. All Rights Reserved.